| 000 | 01188cam a2200253 4500 | ||
|---|---|---|---|
| 001 | J122303 | ||
| 008 | #DATE n2003 000 0 eng u | ||
| 035 | _a(Sirsi) u122303 | ||
| 041 | _aeng | ||
| 050 |
_a338.4569 _c18 |
||
| 110 |
_aConsultative Committee on Construction Industry Statistics _92658 |
||
| 245 | 4 |
_aThe state of the industry report _bWinter 2002/3 |
|
| 260 |
_aLondon _bDTI _c2003 |
||
| 490 | _aCCCIS State of the Industry Report | ||
| 520 | _aTwice yearly publication providing statistics and commentary on the UK construction sector. The report looks building prices and costs, materials and products, infrastructure, consultants, housing, non-residential building and current issues facing the industry. View at www.dti.gov.uk. | ||
| 650 | _aBUILDING INDUSTRY | ||
| 650 | _aCONSTRUCTION INDUSTRY | ||
| 650 | _aCONSTRUCTION STATISTICS | ||
| 650 | _aSTATE OF THE CONSTRUCTION INDUSTRY | ||
| 690 | _aBUILT ENVIRONMENT | ||
| 710 |
_aUnited Kingdom _bDepartment of Trade and Industry |
||
| 856 |
_uhttps://webarchive.nationalarchives.gov.uk/+/http://www.dti.gov.uk/construction/stats/soi/soiwinter0203.htmm _vView the report on the DTI website... |
||
| 942 | _n0 | ||
| 999 |
_c102816 _d102816 |
||